| 000 | 00843cam a22002771 4500 | ||
|---|---|---|---|
| 001 | 11935 | ||
| 003 | BD-RjUL | ||
| 005 | 20211208235215.0 | ||
| 008 | 140127s1968 stkafh b 001 0 eng d | ||
| 035 | _a(BD-RjUL)11984 | ||
| 040 |
_aDLC _cDLC _dDLC _dBD-RjUL _beng |
||
| 041 | _aeng | ||
| 082 | 0 | 0 |
_a577 _bMAL 1968 |
| 100 | 1 |
_aMarquand, Josephine. _937010 |
|
| 245 | 1 | 0 |
_aLife : its nature, origins and distribution _cwith a foreword by N. W. Pirie. |
| 260 |
_aEdinburgh ; _aLondon : _bOliver & Boyd, _c1968. |
||
| 300 |
_axi, 96 p. : _b8 plates, illus., facsim. _c18 cm. |
||
| 490 | 0 |
_aContemporary science paperbacks _v17 |
|
| 504 | _aBibliography: p. 89-90. and index. | ||
| 650 | 0 |
_aLife (Biology) _926530 |
|
| 650 | 0 |
_aLife _xOrigin. _94249 |
|
| 650 | 2 |
_aBiology. _937011 |
|
| 942 |
_2ddc _cBK |
||
| 999 |
_c11935 _d11935 |
||